[Event "IECC KO email"]
[Site "IECC email"]
[Date "2000.02.17"]
[Round "?"]
[White "Wittmann, Bob"]
[Black "Dovzhenko, Volodymyr"]
[Result "0-1"]
[WhiteElo "1296"]
[BlackElo "1405"]
[PlyCount "38"]
[EventDate "2000.??.??"]
[EventType "tourn (corr)"]
[EventRounds "6"]
[SourceTitle "Corr 2008"]
[Source "ChessBase"]
[SourceDate "2008.06.24"]
[SourceVersion "1"]
[SourceVersionDate "2008.06.24"]
[SourceQuality "1"]

1. c4 e5 2. Nc3 Nf6 3. Nf3 Nc6 4. g3 d5 5. cxd5 Nxd5 6. Bg2 Nb6 7. 0-0 Be7 8. d3 0-0 9. a3 Be6 10. b4 a5 11. Be3 axb4 12. axb4 Bxb4 13. Bxb6 cxb6 14. Ne4 f6 15. Ned2 b5 16. e3 Qxd3 17. Rxa8 Rxa8 18. Nb1 Qxd1 19. Rxd1 Ra1 0-1

[Event "IECC KO email"]
[Site "IECC email"]
[Date "1999.12.15"]
[Round "?"]
[White "Kelly, John D"]
[Black "Wittmann, Bob"]
[Result "1-0"]
[WhiteElo "1509"]
[BlackElo "1297"]
[PlyCount "63"]
[EventDate "1999.??.??"]
[EventType "tourn (corr)"]
[EventRounds "6"]
[SourceTitle "Corr 2008"]
[Source "ChessBase"]
[SourceDate "2008.06.24"]
[SourceVersion "1"]
[SourceVersionDate "2008.06.24"]
[SourceQuality "1"]

1. e4 e6 2. d4 d5 3. e5 c5 4. Nf3 Nc6 5. c3 Qb6 6. a3 Bd7 7. b4 cxd4 8. cxd4 0-0-0 9. b5 Na5 10. Qa4 Nc4 11. Bxc4 dxc4 12. Qxc4+ Kb8 13. Nc3 Rc8 14. Qd3 Ne7 15. 0-0 Nd5 16. Nxd5 exd5 17. a4 Be7 18. Bg5 Bxg5 19. Nxg5 f6 20. Nf7 Rhg8 21. Nd6 Rcf8 22. a5 Qd8 23. Qxh7 fxe5 24. dxe5 Rh8 25. Qd3 Be6 26. b6 a6 27. Rac1 Qh4 28. h3 Bd7 29. Qxd5 Bc6 30. Rxc6 bxc6 31. Qxc6 Qe7 32. Rc1 1-0

[Event "IECC KO email"]
[Site "IECC email"]
[Date "1999.12.15"]
[Round "?"]
[White "Wittmann, Bob"]
[Black "Kelly, John D"]
[Result "0-1"]
[WhiteElo "1290"]
[BlackElo "1516"]
[PlyCount "60"]
[EventDate "1999.??.??"]
[EventType "tourn (corr)"]
[EventRounds "6"]
[SourceTitle "Corr 2008"]
[Source "ChessBase"]
[SourceDate "2008.06.24"]
[SourceVersion "1"]
[SourceVersionDate "2008.06.24"]
[SourceQuality "1"]

1. c4 e5 2. Nc3 Nf6 3. Nf3 d6 4. e4 g6 5. d4 exd4 6. Nxd4 Bg7 7. Bg5 0-0 8. Qf3 h6 9. Bxf6 Bxf6 10. Rd1 Bxd4 11. Rxd4 Nc6 12. Rd2 f5 13. Qg3 Qe8 14. c5 dxc5 15. Bc4+ Be6 16. Nd5 Qf7 17. 0-0 fxe4 18. Qe3 Ne5 19. b3 c6 20. Qxe4 Nxc4 21. bxc4 cxd5 22. cxd5 Bd7 23. Qe3 Qf4 24. Qd3 Rf5 25. Qc3 Re8 26. Rb2 Qd4 27. Qxd4 cxd4 28. Rxb7 Rxd5 29. Rd1 Ba4 30. Rd2 Re1# 0-1